| 000 | 00379nam a2200169Ia 4500 | ||
|---|---|---|---|
| 001 | 8839 | ||
| 003 | IN-NITTTR | ||
| 005 | 20251114233042.0 | ||
| 008 | 251113s9999||||xx |||||||||||||| ||eng|| | ||
| 040 | _beng | ||
| 040 | _cIN-NITTTR | ||
| 041 | _aeng | ||
| 082 | _a530 L26P | ||
| 100 | _aLange, V. | ||
| 245 | 0 |
_aPhysical problems for robinsons / _cLange, V. |
|
| 942 |
_2ddc _cBK |
||
| 999 |
_c11476 _d11476 |
||